[Event "RUS-ch U12 Girls"]
[Site "St Petersburg"]
[Date "1997.??.??"]
[EventDate "?"]
[Round "8"]
[Result "1-0"]
[White "Tatiana Kosintseva"]
[Black "Natalia Pogonina"]
[WhiteElo "2536"]
[BlackElo "2501"]
[PlyCount "125"]

1.e4 e5 2.Nf3 Nf6 3.Nxe5 d6 4.Nf3 Nxe4 5.Qe2 Qe7 6.d3 Nf6
7.Nc3 Nc6 8.Be3 Bf5 9.O-O-O O-O-O 10.Qd2 h6 11.d4 Re8 12.Bb5
Bd7 13.Bxc6 Bxc6 14.d5 Bd7 15.Rhe1 Qd8 16.Qd3 Kb8 17.Qd4 b6
18.Qc4 Bc8 19.Nd4 Qd7 20.Nc6+ Ka8 21.Qa4 a6 22.Qc4 Be7 23.Na4
Bd8 24.f3 Rhf8 25.b4 Bb7 26.Nxd8 Qxd8 27.Nc3 Re7 28.a4 Rfe8
29.Qd4 Nd7 30.a5 Ka7 31.Re2 Re5 32.f4 R5e7 33.Rde1 g6 34.axb6+
Nxb6 35.Na4 Re4 36.Qd2 Ka8 37.Bxb6 Rxe2 38.Rxe2 Rxe2 39.Qxe2
cxb6 40.Qe3 b5 41.Nc3 Qf6 42.g3 h5 43.Kd2 Qf5 44.Qb6 Qd7
45.Ne4 Qf5 46.Nc3 Qd7 47.Kc1 f5 48.Ne2 Bxd5 49.Qxa6+ Kb8
50.Nd4 Bc4 51.Nc6+ Kc7 52.Na5 Bf1 53.Qb7+ Kd8 54.Qf3 Bc4
55.Nxc4 bxc4 56.Qd5 c3 57.Qc4 Qg7 58.Kb1 Kd7 59.Ka2 Qf6 60.Kb3
d5 61.Qxd5+ Kc7 62.Qe5+ Qxe5 63.fxe5 1-0

[Event "WJun Women"]
[Site "Athens GRE"]
[Date "2001.08.18"]
[EventDate "2001.08.16"]
[Round "3"]
[Result "0-1"]
[White "Meenakshi Subbaraman"]
[Black "Tatiana Kosintseva"]
[WhiteElo "2245"]
[BlackElo "2390"]
[PlyCount "172"]

1. d4 f5 2. c4 Nf6 3. Nf3 g6 4. g3 Bg7 5. Bg2 O-O 6. O-O d6
7. b4 c6 8. Bb2 Na6 9. Qb3 Nc7 10. a4 a6 11. Nc3 Qe8 12. a5 h6
13. Rfd1 d5 14. Ne5 Be6 15. Na4 dxc4 16. Nxc4 Qf7 17. Rac1 Nd7
18. Nc5 Nxc5 19. bxc5 Nb5 20. e3 Rad8 21. Qb4 g5 22. Ne5 Bxe5
23. dxe5 Bd5 24. f3 Bb3 25. Rxd8 Rxd8 26. g4 Be6 27. gxf5 Qxf5
28. f4 gxf4 29. exf4 Kf7 30. Qe4 Rd2 31. Bc3 Ra2 32. Be1 Qxe4
33. Bxe4 Nd4 34. Rb1 Ne2+ 35. Kh1 Nxf4 36. Bg3 Bd5 37. Bxd5+
Nxd5 38. Rxb7 Rxa5 39. Bf2 Nf4 40. h4 Nd3 41. Be3 Ra4 42. Kg2
Rxh4 43. Rb6 Nxe5 44. Rxa6 h5 45. Bf2 Rg4+ 46. Kh3 Nd3 47. Be3
Re4 48. Bg1 Nb4 49. Ra8 Nd5 50. Rh8 Kg7 51. Rc8 Rg4 52. Bh2
Rg6 53. Kh4 Re6 54. Bg3 Nf6 55. Bf2 Kg6 56. Kh3 Kf5 57. Rc7
Ne4 58. Bh4 Nxc5 59. Bxe7 Nd3 60. Bh4 c5 61. Rf7+ Ke4 62. Rh7
c4 63. Bg5 Rc6 64. Kh4 c3 65. Kxh5 c2 66. Bd2 Kf3 67. Re7 Nf4+
68. Kg5 Rc5+ 69. Kh6 Rh5+ 70. Kg7 Rd5 71. Bc1 Rd1 72. Ba3 Ra1
73. Bb2 Rb1 74. Ba3 Rb3 75. Bc1 Ne2 76. Rf7+ Ke4 77. Re7+ Kf3
78. Rf7+ Kg2 79. Rc7 Nd4 80. Rc4 Rd3 81. Bb2 Nf5+ 82. Kg6 Ne3
83. Rf4 Rd1 84. Ba3 Kg3 85. Rf7 Nc4 86. Re7 Nxa3 0-1

[Event "WJun Women"]
[Site "Athens GRE"]
[Date "2001.08.19"]
[EventDate "2001.08.16"]
[Round "4"]
[Result "1/2-1/2"]
[White "Tatiana Kosintseva"]
[Black "Iweta Radziewicz Rajlich"]
[WhiteElo "2390"]
[BlackElo "2375"]
[PlyCount "115"]

1. e4 e6 2. d4 d5 3. exd5 exd5 4. Nf3 Nc6 5. Bb5 Bd6 6. c4
dxc4 7. d5 a6 8. Ba4 b5 9. dxc6 bxa4 10. O-O Ne7 11. Qxa4 O-O
12. Nbd2 c3 13. bxc3 Qe8 14. Ba3 Qxc6 15. Qxc6 Nxc6 16. Bxd6
cxd6 17. Nc4 Rd8 18. Rfd1 d5 19. Nb6 Rb8 20. Nxd5 Be6 21. Ne3
Rxd1+ 22. Nxd1 h6 23. h3 a5 24. a4 f5 25. Ne1 Ne5 26. f4 Nc4
27. Nf3 Bd7 28. Nd4 Re8 29. Kf2 Re4 30. g3 g5 31. fxg5 hxg5
32. Ra2 Re7 33. Nf3 g4 34. hxg4 fxg4 35. Nd4 Rh7 36. Kg1 Rh3
37. Ne2 Rh6 38. Nf2 Ne5 39. Nd4 Rb6 40. Ne4 Kg7 41. Nc5 Bc6
42. Kf2 Bd5 43. Re2 Rf6+ 44. Ke3 Rf1 45. Rf2 Nc4+ 46. Ke2 Ra1
47. Nf5+ Kf6 48. Nd7+ Kg5 49. Nd4 Ra2+ 50. Ke1 Ra1+ 51. Ke2
Ra2+ 52. Ke1 Ra1+ 53. Ke2 Ra2+ 54. Ke1 Ra1+ 55. Ke2 Ra2+
56. Ke1 Ra1+ 57. Ke2 Ra2+ 58. Ke1 1/2-1/2

[Event "WJun Women"]
[Site "Athens GRE"]
[Date "2001.08.20"]
[EventDate "2001.08.16"]
[Round "5"]
[Result "1/2-1/2"]
[White "Inga Charkhalashvili"]
[Black "Tatiana Kosintseva"]
[WhiteElo "2278"]
[BlackElo "2390"]
[PlyCount "53"]

1. d4 g6 2. c4 Bg7 3. Nc3 f5 4. Nf3 Nf6 5. Bg5 O-O 6. h4 Ng4
7. c5 h6 8. Qb3+ Kh8 9. Rd1 Nc6 10. d5 Na5 11. Qb4 b6 12. cxb6
axb6 13. Bxe7 c5 14. dxc6 Nxc6 15. Bxd8 Nxb4 16. Bxb6 Nxa2
17. Bd4 Nxc3 18. bxc3 Ra2 19. Nh2 Nxh2 20. Rxh2 Bxd4 21. cxd4
Ba6 22. e3 Bxf1 23. Kxf1 f4 24. e4 Re8 25. Rh3 Rc2 26. Rf3 g5
27. hxg5 1/2-1/2

[Event "WJun Women"]
[Site "Athens GRE"]
[Date "2001.08.21"]
[EventDate "2001.08.16"]
[Round "6"]
[Result "1-0"]
[White "Tatiana Kosintseva"]
[Black "Darja Kaps"]
[WhiteElo "2390"]
[BlackElo "2221"]
[PlyCount "69"]

1. e4 c5 2. Nf3 Nc6 3. d4 cxd4 4. Nxd4 Nf6 5. Nc3 e5 6. Ndb5
d6 7. Bg5 a6 8. Na3 b5 9. Nd5 Be7 10. Bxf6 Bxf6 11. c3 Ne7
12. Nxf6+ gxf6 13. Qf3 f5 14. exf5 Bxf5 15. Bd3 Bxd3 16. Qxd3
Rg8 17. g3 Rg6 18. O-O d5 19. Nc2 Qb6 20. a4 bxa4 21. Rxa4 Rb8
22. Rb4 Qd6 23. Ra1 e4 24. Qd4 Nc6 25. Rxb8+ Nxb8 26. Ne3 Nd7
27. Nxd5 Ne5 28. Qxe4 f5 29. Qg2 Kf7 30. Nf4 Rh6 31. Qb7+ Kf8
32. h4 Ng4 33. Qc8+ Kg7 34. Qxf5 Ne5 35. Qe4 1-0

[Event "WJun Women"]
[Site "Athens GRE"]
[Date "2001.08.23"]
[EventDate "2001.08.16"]
[Round "7"]
[Result "0-1"]
[White "Xu Yuanyuan"]
[Black "Tatiana Kosintseva"]
[WhiteElo "2431"]
[BlackElo "2390"]
[PlyCount "64"]

1. d4 f5 2. g3 g6 3. Bg2 Bg7 4. c3 Nf6 5. Qb3 Nc6 6. Nh3 d5
7. Bg5 Ne4 8. Bf4 e5 9. dxe5 Nxe5 10. O-O c6 11. f3 Nc5
12. Qa3 b6 13. b4 Nc4 14. Qc1 Ne6 15. Bh6 O-O 16. Bxg7 Nxg7
17. Qh6 Qe7 18. Rf2 Bb7 19. Nd2 Nd6 20. e4 fxe4 21. fxe4 dxe4
22. Nxe4 Nxe4 23. Bxe4 Rxf2 24. Nxf2 Rf8 25. Re1 Qf7 26. Ng4
Bc8 27. Bd3 Bxg4 28. Rf1 Qe7 29. Bc4+ Kh8 30. Rxf8+ Qxf8
31. Qe3 Qe8 32. Qd4 Be6 0-1

[Event "WJun Women"]
[Site "Athens GRE"]
[Date "2001.08.24"]
[EventDate "2001.08.16"]
[Round "8"]
[Result "1/2-1/2"]
[White "Tatiana Kosintseva"]
[Black "Lilit Mkrtchian"]
[WhiteElo "2390"]
[BlackElo "2376"]
[PlyCount "58"]

1. e4 e6 2. d4 d5 3. exd5 exd5 4. Nf3 Nf6 5. Bd3 Be7 6. O-O
Bg4 7. Re1 O-O 8. Bg5 Nbd7 9. Nbd2 c5 10. dxc5 Nxc5 11. Nb3
Ne6 12. Bh4 Qb6 13. h3 Bh5 14. Re5 Bg6 15. Bxg6 hxg6 16. Nfd4
Rae8 17. Re1 Ne4 18. Bxe7 Rxe7 19. a4 a6 20. a5 Qc7 21. c3
Rfe8 22. Nxe6 fxe6 23. Qg4 Rf8 24. f3 Rf4 25. Qxg6 Rf6 26. Qg4
Rf4 27. Qg6 Rf6 28. Qg4 Rf4 29. Qg6 Rf6 1/2-1/2

[Event "WJun Women"]
[Site "Athens GRE"]
[Date "2001.08.25"]
[EventDate "2001.08.16"]
[Round "9"]
[Result "1/2-1/2"]
[White "Tatiana Kosintseva"]
[Black "Nana Dzagnidze"]
[WhiteElo "2390"]
[BlackElo "2321"]
[PlyCount "151"]

1. e4 c5 2. Nf3 d6 3. d4 cxd4 4. Nxd4 Nf6 5. Nc3 a6 6. Bc4 e6
7. Bb3 b5 8. O-O Bb7 9. Re1 Nbd7 10. Bg5 h6 11. Bh4 Qb6 12. a3
Be7 13. Kh1 Nc5 14. Bxf6 Bxf6 15. f3 O-O 16. Nde2 Nxb3
17. cxb3 Rfd8 18. Nf4 Rac8 19. Qd3 b4 20. Na4 Qb5 21. Rad1 Be5
22. Nh3 Qxd3 23. Rxd3 Rc2 24. axb4 Bc6 25. Red1 Bb5 26. R3d2
Rxd2 27. Rxd2 Rc8 28. Nc3 d5 29. exd5 exd5 30. Nxd5 Rc1+
31. Ng1 Bb8 32. Nc3 Ba7 33. Rd1 Rc2 34. Rb1 Bd4 35. Nxb5 axb5
36. f4 Bxb2 37. Nf3 Bc3 38. h3 Bxb4 39. Nd4 Rc5 40. Nf3 Rd5
41. g3 Bc3 42. Kg2 b4 43. Kf2 Kf8 44. Ke2 Ra5 45. Ng1 Ke7
46. Ke3 Ra2 47. Ne2 Bf6 48. Rd1 Ke6 49. g4 Rb2 50. Rd3 Rb1
51. Ke4 Re1 52. Re3 Kd6 53. Nd4 Rc1 54. Nf5+ Kc5 55. Rd3 Rb1
56. Ne3 Bc3 57. Rd7 Rxb3 58. Rxf7 Rb1 59. h4 Bd2 60. Rf5+ Kc6
61. Nc4 Bc3 62. Kd3 Rg1 63. g5 Rg3+ 64. Kc2 Bd4 65. Na5+ Kd6
66. Rb5 hxg5 67. fxg5 Bc3 68. Nc4+ Ke6 69. h5 Rh3 70. h6 gxh6
71. gxh6 Kf7 72. Rb6 Kg8 73. Re6 Kh7 74. Rc6 Bd4 75. Nd2 Rxh6
76. Rxh6+ 1/2-1/2

[Event "WJun Women"]
[Site "Athens GRE"]
[Date "2001.08.26"]
[EventDate "2001.08.16"]
[Round "10"]
[Result "1-0"]
[White "Elisabeth Paehtz"]
[Black "Tatiana Kosintseva"]
[WhiteElo "2383"]
[BlackElo "2390"]
[PlyCount "75"]

1. e4 c5 2. Nf3 g6 3. d4 Bg7 4. dxc5 Qa5+ 5. c3 Qxc5 6. Be3
Qc7 7. Na3 Nc6 8. Nb5 Qb8 9. Qd2 d6 10. O-O-O Nf6 11. Bd3 O-O
12. h3 a6 13. Nbd4 Bd7 14. Bh6 b5 15. Bxg7 Kxg7 16. Nxc6 Bxc6
17. Nd4 Qb7 18. f3 Bd7 19. h4 h5 20. Qg5 e6 21. Kb1 Rac8
22. Qe3 Qc7 23. g4 Qc5 24. g5 Nh7 25. Qd2 Qb6 26. Nc2 a5
27. f4 Rc5 28. Be2 d5 29. Qd4+ Kg8 30. exd5 exd5 31. Ne3 Re8
32. Nxd5 Qc6 33. Bf3 Bf5+ 34. Ka1 Qc8 35. Rhe1 Rc4 36. Qd2
Rxe1 37. Rxe1 Qc5 38. b3 1-0

[Event "WJun Women"]
[Site "Athens GRE"]
[Date "2001.08.27"]
[EventDate "2001.08.16"]
[Round "11"]
[Result "1/2-1/2"]
[White "Jana Jackova"]
[Black "Tatiana Kosintseva"]
[WhiteElo "2350"]
[BlackElo "2390"]
[PlyCount "115"]

1. e4 c5 2. Nf3 g6 3. d4 Bg7 4. dxc5 Qa5+ 5. Nc3 Bxc3+ 6. bxc3
Qxc3+ 7. Bd2 Qxc5 8. Bd3 Nf6 9. Rb1 d6 10. O-O Qc7 11. Bh6 Ng4
12. Bg7 Rg8 13. Bb2 Nc6 14. Qd2 Be6 15. a4 O-O-O 16. h3 Nge5
17. Ng5 Nc4 18. Qc3 Nxb2 19. Nxe6 Nxa4 20. Qa3 fxe6 21. Qxa4
Rgf8 22. Rb2 b6 23. Qa6+ Kb8 24. Rfb1 Ka8 25. Rxb6 Rb8
26. Rxb8+ Rxb8 27. Ra1 Nb4 28. Qa4 Nxd3 29. cxd3 e5 30. Qa2
Rf8 31. Rb1 Qc5 32. Qb2 Qc6 33. Qb3 Rc8 34. Qf7 Qc7 35. Qd5+
Qc6 36. Qe6 Rc7 37. Qg8+ Rc8 38. Qxh7 Qe8 39. Qh6 Rc2 40. Ra1
Kb7 41. Qe3 Rc5 42. Qd2 Qc6 43. Qb2+ Rb5 44. Qa2 a5 45. Qe6
Qc7 46. Qxg6 Qc3 47. Rf1 Qxd3 48. Qe8 a4 49. Qd7+ Ka6 50. Qc6+
Ka5 51. h4 a3 52. h5 Kb4 53. h6 a2 54. Qc1 Ka4 55. h7 Rb1
56. h8=Q Qxf1+ 57. Qxf1 Rxf1+ 58. Kxf1 1/2-1/2

[Event "WJun Women"]
[Site "Athens GRE"]
[Date "2001.08.29"]
[EventDate "2001.08.16"]
[Round "13"]
[Result "1/2-1/2"]
[White "Nataliya Hryhorenko"]
[Black "Tatiana Kosintseva"]
[WhiteElo "2128"]
[BlackElo "2390"]
[PlyCount "63"]

1. d4 f5 2. Nf3 Nf6 3. Bf4 g6 4. e3 Bg7 5. Bc4 e6 6. h3 d6
7. Nbd2 Qe7 8. c3 Nc6 9. Qe2 Bd7 10. Bh2 e5 11. dxe5 dxe5
12. Bb5 e4 13. Bxc6 Bxc6 14. Nd4 Nd5 15. Nxc6 bxc6 16. O-O O-O
17. Qa6 Qc5 18. Nb3 Qb6 19. Qa4 Rae8 20. Rad1 f4 21. Bxf4 Nxf4
22. exf4 e3 23. fxe3 Qxe3+ 24. Kh1 Re4 25. Qxc6 Rexf4 26. Rxf4
Qxf4 27. Nd4 Rd8 28. Re1 Bxd4 29. cxd4 Rxd4 30. Qe8+ Kg7
31. Qe5+ Kh6 32. Qxf4+ 1/2-1/2

[Event "EYCC B18"]
[Site "Halkidiki GRE"]
[Date "2001.09.01"]
[EventDate "2001.08.31"]
[Round "2"]
[Result "0-1"]
[White "Pavel Govciyan"]
[Black "Tatiana Kosintseva"]
[WhiteElo "2265"]
[BlackElo "2390"]
[PlyCount "58"]

1. d4 f5 2. Bg5 g6 3. Nc3 d5 4. e3 Bg7 5. h4 c6 6. Qf3 Be6
7. Be2 Nd7 8. Qg3 Bf7 9. h5 Qb6 10. O-O-O O-O-O 11. Nh3 Ngf6
12. Nf4 Rhg8 13. Kb1 Rde8 14. hxg6 hxg6 15. Nd3 Ne4 16. Nxe4
dxe4 17. Nc1 e5 18. c3 Rh8 19. Rxh8 Rxh8 20. f3 exf3 21. gxf3
a5 22. Qf2 a4 23. Be7 exd4 24. exd4 Nf6 25. Bxf6 Bxf6 26. f4
a3 27. b3 Qa5 28. b4 Qa4 29. Rg1 Bxa2+ 0-1

[Event "EYCC B18"]
[Site "Halkidiki GRE"]
[Date "2001.09.02"]
[EventDate "2001.08.31"]
[Round "3"]
[Result "0-1"]
[White "Tatiana Kosintseva"]
[Black "Denis Khismatullin"]
[WhiteElo "2390"]
[BlackElo "2446"]
[PlyCount "96"]

1. e4 c5 2. Nc3 d6 3. Nf3 Nf6 4. d4 cxd4 5. Nxd4 a6 6. Bc4 e6
7. Bb3 b5 8. O-O Bb7 9. Re1 Nbd7 10. Bg5 h6 11. Bxf6 Nxf6
12. Qf3 Be7 13. Bxe6 Qb6 14. Bd5 Bxd5 15. Nxd5 Nxd5 16. Nf5
Nc7 17. e5 d5 18. Nxg7+ Kd8 19. Rad1 Rg8 20. Qxf7 Rf8 21. Qh5
Qxf2+ 22. Kh1 Qh4 23. Qg6 Kd7 24. Nf5 Qg5 25. Nxe7 Qxe7
26. Qxh6 Rf2 27. Rd2 Raf8 28. e6+ Kc8 29. Rxf2 Rxf2 30. h4 Qf6
31. Qh5 Rf5 32. Qg4 Rf4 33. Qg8+ Qd8 34. Qxd8+ Kxd8 35. g3 Re4
36. Rf1 Rxe6 37. Rf2 Ke7 38. Kg2 Ne8 39. g4 Re4 40. Kh3 Re3+
41. Kg2 Nf6 42. g5 Ne4 43. Rf4 Re2+ 44. Kh3 Rxc2 45. Kg4 Rxb2
46. g6 Rf2 47. Rxf2 Nxf2+ 48. Kf3 Ne4 0-1

[Event "EYCC B18"]
[Site "Halkidiki GRE"]
[Date "2001.09.07"]
[EventDate "2001.08.31"]
[Round "7"]
[Result "1/2-1/2"]
[White "Tatiana Kosintseva"]
[Black "Jiri Jirka"]
[WhiteElo "2390"]
[BlackElo "2292"]
[PlyCount "117"]

1. e4 e5 2. Nf3 Nc6 3. Bc4 Nf6 4. d3 Bc5 5. Nc3 a6 6. O-O d6
7. Bg5 Na5 8. Bb3 Nxb3 9. axb3 h6 10. Bxf6 Qxf6 11. Nd5 Qd8
12. d4 exd4 13. Nxd4 O-O 14. b4 Bxd4 15. Qxd4 Bd7 16. Ra3 Bc6
17. Rg3 f6 18. Re1 Rf7 19. f4 a5 20. bxa5 Rxa5 21. b4 Ra4
22. Nc3 Ra8 23. b5 Be8 24. Rd1 Bd7 25. Qd5 Qe8 26. Re1 b6
27. h3 Be6 28. Qh5 Kh8 29. Rge3 Re7 30. Qe2 Bf7 31. Qd3 Ra5
32. Qd4 Bg8 33. Kh2 Qa8 34. g4 Qf8 35. h4 Be6 36. Kg3 Qf7
37. e5 dxe5 38. fxe5 f5 39. gxf5 Bxf5 40. Rf1 Qg6+ 41. Kh2 Rd7
42. Qf4 Be6 43. Qf8+ Kh7 44. Rg3 Qh5 45. Qf4 Ra3 46. Qe4+ Kg8
47. Rgf3 Rd8 48. Kg3 Raa8 49. Rd3 Rf8 50. Rff3 Bf5 51. Qc4+
Kh8 52. Rde3 Qg6+ 53. Kh2 Bg4 54. Rf4 Qxc2+ 55. Kg3 Rxf4
56. Qxf4 Be6 57. Ne2 Qb1 58. Qf2 Qh1 59. Nf4 1/2-1/2

[Event "EYCC B18"]
[Site "Halkidiki GRE"]
[Date "2001.09.08"]
[EventDate "2001.08.31"]
[Round "8"]
[Result "0-1"]
[White "Tatiana Kosintseva"]
[Black "Evgeniy Anatsko"]
[WhiteElo "2390"]
[BlackElo "2346"]
[PlyCount "120"]

1. e4 Nf6 2. e5 Nd5 3. d4 d6 4. c4 Nb6 5. exd6 cxd6 6. Nc3 g6
7. Be3 Bg7 8. Rc1 O-O 9. b3 e5 10. dxe5 dxe5 11. Qxd8 Rxd8
12. c5 N6d7 13. Bc4 Nc6 14. Nf3 h6 15. Ne4 Na5 16. Bd5 Nf6
17. Nxf6+ Bxf6 18. Rd1 Kg7 19. O-O Bd7 20. Bd2 Bc6 21. Bxf7
Rxd2 22. Nxd2 Kxf7 23. b4 Ba4 24. Rb1 Nc6 25. Nc4 Ke6 26. Rfe1
Bc2 27. Rb2 Bd3 28. Nd6 Be7 29. Rd2 Bxd6 30. cxd6 Bb5 31. f4
Rd8 32. fxe5 Nb8 33. Rd4 Nd7 34. Rh4 Rh8 35. Rh3 Bc6 36. Rg3
g5 37. h4 Rg8 38. Kh2 g4 39. a4 Bxa4 40. Ra3 Bc6 41. Rxa7 g3+
42. Kg1 Rf8 43. b5 Bd5 44. Ra3 Rg8 45. Rc3 b6 46. Rc7 Ra8
47. Rc3 Re8 48. Rce3 Kf5 49. Rf1+ Kg4 50. Rfe1 Be6 51. Rf3
Kxh4 52. Re4+ Kg5 53. Ree3 Bg4 54. Rf7 Kh4 55. Re7 Ra8 56. Re1
Nc5 57. Rf1 Ra5 58. Rb1 Bf5 59. Rf1 Bg4 60. Rb1 Ra2 0-1

[Event "Olympiad, women"]
[Site "Bled SLO"]
[Date "2002.10.26"]
[EventDate "2002.10.26"]
[Round "1"]
[Result "0-1"]
[White "Aleksandra Kizova"]
[Black "Tatiana Kosintseva"]
[WhiteElo "2010"]
[BlackElo "2427"]
[PlyCount "74"]

1. d4 f5 2. e4 fxe4 3. Nc3 Nf6 4. Bg5 Nc6 5. d5 Ne5 6. Qd4 Nf7
7. Bxf6 exf6 8. Nxe4 Be7 9. Ng3 d6 10. Bd3 O-O 11. O-O-O Ne5
12. Nf5 g6 13. Nxe7+ Qxe7 14. Ne2 c5 15. Qc3 Ng4 16. Rdf1 Nxf2
17. Rhg1 Qe3+ 18. Qd2 Nxd3+ 19. cxd3 Qxd2+ 20. Kxd2 Bd7
21. Nc3 f5 22. Re1 Rae8 23. a4 a6 24. a5 Kf7 25. Rb1 b5
26. axb6 a5 27. Ra1 Ra8 28. Ra3 Rfb8 29. Rga1 Rxb6 30. Kc2
Rba6 31. Kd2 Kf6 32. Re1 Rb6 33. Ra2 Rb4 34. h3 Rab8 35. Kc2
a4 36. Rd1 Rf4 37. Re1 Rbb4 0-1

[Event "Olympiad, women"]
[Site "Bled SLO"]
[Date "2002.10.29"]
[EventDate "2002.10.26"]
[Round "4"]
[Result "1/2-1/2"]
[White "Lilit Galojan"]
[Black "Tatiana Kosintseva"]
[WhiteElo "2236"]
[BlackElo "2427"]
[PlyCount "101"]

1. d4 f5 2. c4 Nf6 3. Nf3 g6 4. g3 Bg7 5. Bg2 O-O 6. O-O d6
7. Nc3 c6 8. Qc2 Na6 9. a3 Qe8 10. d5 e5 11. dxe6 Bxe6 12. Bf4
Rd8 13. Rad1 Qe7 14. b3 Nc5 15. Ng5 Bc8 16. b4 Ne6 17. Nxe6
Bxe6 18. Qd3 Qf7 19. Bxd6 Bxc4 20. Qf3 Rfe8 21. Bc5 Nd7
22. Bd4 Ne5 23. Bxe5 Bxe5 24. Rxd8 Rxd8 25. Rc1 Qe6 26. Bf1
Bg7 27. h4 Qe7 28. Qf4 Bf7 29. Qg5 Bf6 30. Qe3 Qxe3 31. fxe3
a5 32. Kf2 axb4 33. axb4 Ra8 34. b5 Ra3 35. Nb1 Ra1 36. bxc6
bxc6 37. Rxc6 Kg7 38. Nd2 Ra7 39. Bg2 Re7 40. Rb6 Be5 41. Rb7
Bc7 42. Bc6 Kf6 43. e4 f4 44. gxf4 Bxf4 45. Rxe7 Kxe7 46. e3
Be5 47. Bd5 Be8 48. Nf3 Kf6 49. Bg8 h6 50. Nxe5 Kxe5 51. Bd5
1/2-1/2

[Event "Olympiad, women"]
[Site "Bled SLO"]
[Date "2002.10.31"]
[EventDate "2002.10.26"]
[Round "6"]
[Result "0-1"]
[White "Jennifer Shahade"]
[Black "Tatiana Kosintseva"]
[WhiteElo "2331"]
[BlackElo "2427"]
[PlyCount "132"]

1. e4 c5 2. Nf3 Nc6 3. d4 cxd4 4. Nxd4 g6 5. Nc3 Bg7 6. Be3
Nf6 7. Bc4 O-O 8. Bb3 d6 9. f3 Bd7 10. Qd2 Rc8 11. O-O-O Nxd4
12. Bxd4 b5 13. Bxa7 b4 14. Nd5 Nxd5 15. exd5 Qa5 16. Bd4 Ba4
17. Qe3 Bxb3 18. Qxb3 Rc7 19. Bxg7 Kxg7 20. Rhe1 Ra8 21. Re4
Rac8 22. Rd2 Qa7 23. Re1 Ra8 24. Kb1 Qc5 25. c3 Rb8 26. c4 Kf8
27. Rc1 Ra7 28. Qd3 b3 29. axb3 Qa5 30. Kc2 Kg8 31. Rdd1 Rab7
32. Ra1 Qc5 33. Ra3 Qf2+ 34. Qd2 Qh4 35. g3 Qh5 36. f4 Qf3
37. Qd3 Qf2+ 38. Rd2 Qg1 39. Qd4 Qe1 40. Rd1 Qe2+ 41. Qd2 Qf3
42. Qd3 Qf2+ 43. Rd2 Qg1 44. Re2 Qf1 45. Re3 Qh3 46. Re2 Qf1
47. Re3 Qh3 48. Qe2 Qf5+ 49. Kc1 Kf8 50. Qc2 Qh3 51. Kb1 Qf1+
52. Ka2 Qg1 53. Qd2 Qf1 54. h4 Qh3 55. Qd4 Kg8 56. Ra7 Qd7
57. Rxb7 Qxb7 58. Kb1 Qd7 59. Kc2 Ra8 60. Qe4 Ra7 61. h5 Qh3
62. hxg6 hxg6 63. Qd3 Qh1 64. Qd1 Qh3 65. Qe2 Kf8 66. g4 Qh1
0-1

[Event "Olympiad, women"]
[Site "Bled SLO"]
[Date "2002.11.02"]
[EventDate "2002.10.26"]
[Round "8"]
[Result "1-0"]
[White "Tatiana Kosintseva"]
[Black "Ana-Cristina Calotescu"]
[WhiteElo "2427"]
[BlackElo "2324"]
[PlyCount "81"]

1. e4 c5 2. c3 b6 3. d4 Bb7 4. Bd3 Nf6 5. f3 cxd4 6. cxd4 Nc6
7. Be3 g6 8. Nc3 Bg7 9. Nge2 d6 10. d5 Nb8 11. Bb5+ Nfd7
12. Nd4 O-O 13. O-O a6 14. Be2 b5 15. b4 Nb6 16. a4 bxa4
17. Nxa4 Nxa4 18. Qxa4 Bc8 19. Ra2 Qb6 20. Nf5 Qb7 21. Nxg7
Kxg7 22. b5 f6 23. Rfa1 a5 24. Qc4 Nd7 25. Rxa5 Ne5 26. Qc1
Rxa5 27. Rxa5 Qd7 28. Bh6+ Kf7 29. Bxf8 Qb7 30. Qh6 Ke8
31. Ra1 Qb6+ 32. Kf1 Nf7 33. Qc1 Bb7 34. Bg7 g5 35. Qa3 Ne5
36. Qa7 Qc7 37. b6 Qc3 38. Qa3 Qd2 39. Rd1 Qc2 40. Rc1 Qd2
41. Qc3 1-0

[Event "Olympiad, women"]
[Site "Bled SLO"]
[Date "2002.11.05"]
[EventDate "2002.10.26"]
[Round "10"]
[Result "0-1"]
[White "Aarthie Ramaswamy"]
[Black "Tatiana Kosintseva"]
[WhiteElo "2271"]
[BlackElo "2427"]
[PlyCount "64"]

1. e4 c5 2. Nf3 Nc6 3. d4 cxd4 4. Nxd4 Nf6 5. Nc3 e5 6. Ndb5
d6 7. Bg5 a6 8. Na3 b5 9. Bxf6 gxf6 10. Nd5 Bg7 11. Bd3 Ne7
12. Nxe7 Qxe7 13. O-O O-O 14. c3 f5 15. exf5 e4 16. Re1 Bxf5
17. Nc2 d5 18. a4 Qb7 19. Bf1 bxa4 20. Rxa4 a5 21. Ra2 Bg6
22. Nd4 Be5 23. h4 f6 24. Qd2 Bf7 25. Rea1 Rab8 26. Nf5 Kh8
27. h5 Qd7 28. Ne3 Bc7 29. Be2 d4 30. Bg4 Qd6 31. Nf5 Qh2+
32. Kf1 Bc4+ 0-1

[Event "Olympiad, women"]
[Site "Bled SLO"]
[Date "2002.11.06"]
[EventDate "2002.10.26"]
[Round "11"]
[Result "1-0"]
[White "Tatiana Kosintseva"]
[Black "Ekaterina Uriivna Borulya"]
[WhiteElo "2427"]
[BlackElo "2348"]
[PlyCount "171"]

1. e4 c5 2. Nf3 e6 3. c3 Nf6 4. e5 Nd5 5. Bc4 b6 6. O-O Bb7
7. d4 cxd4 8. Nxd4 Qc7 9. Qe2 a6 10. Bb3 Nc6 11. Nxc6 Qxc6
12. f4 b5 13. Kh1 Bc5 14. Rd1 Ne7 15. Nd2 Nf5 16. Nf3 h5
17. Bc2 g6 18. Bxf5 gxf5 19. Be3 Qe4 20. Re1 Bxe3 21. Qxe3
Qxe3 22. Rxe3 Rc8 23. Rd1 Ke7 24. Kg1 Bd5 25. a3 Rhg8 26. Rd2
Rc4 27. Nd4 Rg4 28. g3 Bb7 29. Kf2 h4 30. Nf3 hxg3+ 31. hxg3
Rc8 32. Red3 Bc6 33. Nh4 f6 34. exf6+ Kxf6 35. Nf3 Bd5 36. Ng5
Rh8 37. Nf3 Rh3 38. Ng1 Rh2+ 39. Ke1 Rh1 40. Kf2 Rg7 41. Nf3
Rg4 42. Rd1 Rh3 43. Rg1 Rg7 44. Rd2 d6 45. Ng5 Rh2+ 46. Ke3
Rxd2 47. Kxd2 e5 48. Ke3 exf4+ 49. gxf4 Re7+ 50. Kd2 Rc7
51. Rd1 Bb3 52. Rh1 a5 53. Rh6+ Ke7 54. Ke3 Bg8 55. Rg6 Rc8
56. Rg7+ Kf6 57. Rd7 Rc6 58. Ra7 a4 59. Ra8 Bc4 60. Rf8+ Kg6
61. Nf3 Rc7 62. Nh4+ Kg7 63. Rxf5 Re7+ 64. Kf3 Re1 65. Rg5+
Kf7 66. Nf5 Bd5+ 67. Kf2 Rb1 68. Nxd6+ Ke6 69. Rg6+ Kd7
70. Ke3 Rxb2 71. Kd4 Ba2 72. Kc5 Rf2 73. f5 Bb1 74. Rg7+ Kd8
75. Kc6 Bxf5 76. Rg8+ Ke7 77. Re8+ Kf6 78. Rf8+ Ke5 79. Rxf5+
Rxf5 80. Nxf5 Kxf5 81. Kxb5 Ke6 82. Kxa4 Kd6 83. Kb5 Kc7
84. c4 Kb7 85. c5 Kc7 86. c6 1-0

[Event "It (open) St. Petersburg 300"]
[Site "St. Petersburg (Russia)"]
[Date "2003.??.??"]
[EventDate "?"]
[Round "1.59"]
[Result "1/2-1/2"]
[White "Tatiana Kosintseva"]
[Black "Viacheslav Kulakov"]
[WhiteElo "2449"]
[BlackElo "2146"]
[PlyCount "132"]

1.e4 c6 2.d4 d5 3.ed5 cd5 4.c4 Nf6 5.Nc3 e6 6.Nf3 dc4 7.Bc4
Nc6 8.O-O Be7 9.Re1 O-O 10.a3 a6 11.Bb3 b5 12.Qd3 b4 13.Ne4
Ne4 14.Qe4 Bb7 15.Bc2 g6 16.Bh6 ba3 17.Bf8 Qf8 18.Ba4 ab2
19.Rab1 Na5 20.Qd3 Bb4 21.Re2 Bd5 22.Reb2 Ba3 23.Rc2 Bd6
24.Ne5 Rb8 25.Rcc1 Rb1 26.Rb1 Be5 27.de5 Qa8 28.f3 Qa7+ 29.Kh1
Nc4 30.Re1 Qc5 31.Qc3 Qf2 32.Bd1 Nd2 33.Qe3 Qe3 34.Re3 Nc4
35.Re2 Bc6 36.f4 Bb5 37.Ra2 Ne3 38.Be2 Nd5 39.Bb5 ab5 40.g3 b4
41.Kg2 Kg7 42.Kf3 Kf8 43.Ra8+ Kg7 44.Rb8 h5 45.Ke4 Kh7 46.Kd4
h4 47.Kc5 hg3 48.hg3 Kg7 49.Rb7 Kf8 50.Rd7 Ke8 51.Rb7 Kf8
52.Kd4 Kg8 53.Ke4 g5 54.fg5 Kg7 55.Kd4 Kg6 56.Kc5 Kg7 57.Kd6
Kg6 58.Ra7 Ne3 59.Kc5 Nf5 60.Kb4 Ng3 61.Kc4 Nf5 62.Kd3 Kg5
63.Ke4 f6 64.Rf7 fe5 65.Ke5 Kg4 66.Ke6 Nd4+ 1/2-1/2

[Event "It (open) St. Petersburg 300"]
[Site "St. Petersburg (Russia)"]
[Date "2003.??.??"]
[EventDate "?"]
[Round "2.46"]
[Result "0-1"]
[White "Maksim Serov"]
[Black "Tatiana Kosintseva"]
[WhiteElo "2095"]
[BlackElo "2449"]
[PlyCount "88"]

1.Nf3 c5 2.g3 Nc6 3.Bg2 g6 4.c3 Bg7 5.O-O e5 6.e4 Nge7 7.d3 d5
8.ed5 Nd5 9.Nbd2 O-O 10.a4 Bf5 11.Ne4 b6 12.Nfd2 Qd7 13.Nc4
Bh3 14.Bh3 Qh3 15.Qb3 Nce7 16.a5 Rab8 17.ab6 ab6 18.Ra7 h6
19.f4 ef4 20.Bf4 Nf4 21.Rf4 Qe6 22.Nf2 b5 23.Nd2 Nd5 24.Re4
Qc6 25.Qd1 Ra8 26.Ra8 Ra8 27.d4 cd4 28.cd4 f5 29.Re2 Bd4
30.Nf3 Bf2+ 31.Rf2 Ne3 32.Qb3+ Nc4 33.Rf1 Kh7 34.Qb4 Re8
35.Re1 Re1+ 36.Qe1 Qe4 37.Qd1 Qe3+ 38.Kg2 Qe7 39.Kf2 Qa7+
40.Ke2 Qe3+ 41.Kf1 Qf3+ 42.Qf3 Nd2+ 43.Kf2 Nf3 44.Kf3 g5 0-1